Suicide, self-injury, and violence in the schools : assessment, prevention, and intervention strategies /

"The first book of its kind to address suicide, self-injury, and violence in school settings. The frequency of suicide, students' self-injury, and violence in school settings requires preventative and response policies and procedures for the safety and protection of faculty and students. S...

Full description

Bibliographic Details
Main Author: Juhnke, Gerald A.
Other Authors: Granello, Darcy Haag, Granello, Paul F.
Format: eBook
Language:English
Published: Hoboken, N.J. : John Wiley & Sons, [2011]
Series:Wiley Online Library.
Subjects:
Online Access:Connect to the full text of this electronic book

MARC

Tag First Indicator Second Indicator Subfields
LEADER 00000cam a2200000Ia 4500
001 in00002786470
005 20210728125012.0
006 m o d
007 cr |n|||||||||
008 100908s2011 njua ob 001 0 eng d
016 7 |a 015577958  |2 Uk 
019 |a 748920104  |a 775438781 
020 |a 0470892277 (ebk.) 
020 |a 0470892293 (ebk.) 
020 |a 0470892307 (ebk.) 
020 |a 1118269721 (ebk.) 
020 |a 9780470892275 (ebk.) 
020 |a 9780470892299 (ebk.) 
020 |a 9780470892305 (ebk.) 
020 |a 9781118269725 (ebk.) 
020 |z 0470395257 (pbk. : alk. paper) 
020 |z 9780470395257 (pbk. : alk. paper) 
024 8 |a 9786612849084 
035 |a (OCoLC)691852918  |z (OCoLC)748920104  |z (OCoLC)775438781 
035 |a (OCoLC)ocn691852918 
035 |a 4040626 
037 |a 284908  |b MIL 
040 |a CDX  |b eng  |c CDX  |d OCLCQ  |d EBLCP  |d OCLCQ  |d MHW  |d YDXCP  |d ORU  |d E7B  |d UKMGB  |d SFB  |d DG1  |d IUL  |d REDDC  |d OCLCQ  |d WAU  |d IAI  |d OCLCQ  |d TXA  |d UtOrBLW 
043 |a n-us--- 
049 |a TXAM 
050 4 |a HV6545.8  |b .J55 2011eb 
082 0 4 |a 371.7/13  |2 22 
084 |a PSY012000  |2 bisacsh 
100 1 |a Juhnke, Gerald A.  |0 http://id.loc.gov/authorities/names/nr00031733 
245 1 0 |a Suicide, self-injury, and violence in the schools :  |b assessment, prevention, and intervention strategies /  |c Gerald A. Juhnke, Darcy Haag Granello, Paul F. Granello. 
264 1 |a Hoboken, N.J. :  |b John Wiley & Sons,  |c [2011] 
264 4 |c ©2011 
300 |a 1 online resource (xv, 368 pages) :  |b illustrations 
336 |a text  |b txt  |2 rdacontent 
337 |a computer  |b c  |2 rdamedia 
338 |a online resource  |b cr  |2 rdacarrier 
500 |a Electronic resource. 
504 |a Includes bibliographical references (pages 347-356) and index. 
505 0 |a Suicide in children and adolescents / with contributions by Karen Michelle Hunnicutt Hollenbaugh and Alexis M. Rae -- School-based suicide prevention programming -- Working with suicidal students in schools : assessment and intervention -- Working with students who engage in non-suicidal self-inflicted injury -- After a suicide : postvention in the school environment -- Utilizing face-to-face clinical interviews with violent and potentially violent students and their families -- Using a systems of care approach with post violent and potentially violent students -- Utilizing psychological first aid when responding to school violence survivors and their parents -- Adapted solution-focused survivors -- Ethical and legal issues -- Wrap up : preparedness and promising future interventions. 
520 |a "The first book of its kind to address suicide, self-injury, and violence in school settings. The frequency of suicide, students' self-injury, and violence in school settings requires preventative and response policies and procedures for the safety and protection of faculty and students. Suicide, Self-Injury, and Violence in the Schools: Assessment, Prevention, and Intervention Strategies is the first book to provide first responders--specifically, school counselors, psychologists, social workers, teachers, and administrators--with information on assessing risk. In addition, guidelines are included on how to respond to these crises in a practical and proactive manner that minimizes risk and/or impact on the school community"--Provided by publisher. 
588 |a Description based on print version record. 
650 0 |a Adolescent psychology  |z United States.  |0 http://id.loc.gov/authorities/subjects/sh2007100649 
650 0 |a Educational counseling  |z United States.  |0 http://id.loc.gov/authorities/subjects/sh2008102820 
650 0 |a School psychology  |z United States.  |0 http://id.loc.gov/authorities/subjects/sh2010112064 
650 0 |a School violence  |z United States  |x Prevention.  |0 http://id.loc.gov/authorities/subjects/sh2008111246 
650 0 |a Students  |x Suicidal behavior  |z United States. 
650 0 |a Suicide  |z United States  |x Prevention.  |0 http://id.loc.gov/authorities/subjects/sh2008112373 
650 0 |a Violence in adolescence  |z United States  |x Prevention. 
650 0 |a Violence in children  |z United States  |x Prevention. 
650 7 |a PSYCHOLOGY  |x Education & Training.  |2 bisacsh 
655 7 |a Electronic books.  |2 local 
700 1 |a Granello, Darcy Haag.  |0 http://id.loc.gov/authorities/names/n2006048644 
700 1 |a Granello, Paul F.  |0 http://id.loc.gov/authorities/names/n2006048646 
776 0 8 |i Print version:  |a Juhnke, Gerald A.  |t Suicide, self-injury, and violence in the schools.  |d Hoboken, NJ : Wiley, c2011  |z 9780470395257  |w (DLC) 2010038547  |w (OCoLC)601088779 
830 0 |a Wiley Online Library. 
856 4 0 |u http://proxy.library.tamu.edu/login?url=https://dx.doi.org/10.1002/9781118269725  |z Connect to the full text of this electronic book  |t 0 
948 |a cataloged  |b h  |c 2012/12/19  |d c  |e jlanham  |f 11:05:03 am 
994 |a C0  |b TXA 
999 |a MARS 
999 f f |s 32d32ce1-116e-3529-a433-9f3785d56681  |i c8fda656-623b-360f-904f-75fa66cafbb1  |t 0 
952 f f |a Texas A&M University  |b College Station  |c Electronic Resources  |d Available Online  |t 0  |e HV6545.8 .J55 2011eb  |h Library of Congress classification 
998 f f |a HV6545.8 .J55 2011eb  |t 0  |l Available Online